01181nam a2200289 4500003000400000005001700004008004100021020002200062020001500084040001700099041000800116050002000124100002400144240008100168245010600249250001000355264003500365300001600400336002200416337002400438338002400462500011900486505019100605650002700796700003300823700003500856OSt20260530113852.0260422b1978 mx a|||| |||| 00| 0 spa d a9682315662 (v. 3) a9682300487 aICbspacICI aspa aT15bD4718 19901 a Derry, T. K.d190510aShort history of technology, form the earliest time to a.d. 1900.lEspañol10aHistoria de la Tecnología c por T. K. Derry y Trevor I. Williams ; tr. Carlos Caranci... [y otros] a2 ed. 1aMéxico :bSiglo XXI, c1978- avolúmenes atexto2rdacontent asin medio2rdamedia avolumen2rdacarrier aReimpresiones: (v. 1. 22a, 2004) -- (v. 2. 19a, 2006) -- (v. 3. 18a, 2006) -- (v. 4. 9a, 2006) -- (v. 5. 9a, 2006) tContenido: v.1. Dessde la antiguedad hasta 1750 -- v. 2. Desde 1750 hasta 1900 (I) -- v.3. Desde 1750 hasta 1900 (II) -- v.4. Desde 1900 hasta 1950 (I) -- v.5. Desde 1900 hasta 1950 (II) aTecnologíaxHistoria 1aCaranci, Carlo A.etraductor 1aWilliams, Trevor Illtydeautor